000 00936nam a22002537a 4500
999 _c15446
_d15446
003 MIRAKIL
005 20240220113338.0
008 240220b tu ||||| |||| 00| 0 tur d
040 _aTR-AnCHP
_cTR-AnCHP
041 _atur
082 _a324.2372
_bC36a [t.y.]
090 _aBROŞÜR 626
100 1 _aKılıçdaroğlu, Kemal
_cCHP Genel Başkanı
110 _aCumhuriyet Halk Partisi (CHP)
245 1 0 _a"Adaletle yönetilen bir Türkiye istiyorum" diyorsanız :
_bbize katılın! /
_cCHP.
246 _aSeçmen ol! oy kullan
250 _aBize katılın!
260 _aAnkara :
_bCHP ,
_c2023.
300 _a2 s. :
_c21 cm.
600 1 4 _91477
_aKılıçdaroğlu, Kemal
_cCHP Genel Başkanı
_xSeçim kampanyaları
_y2023
600 1 4 _91477
_aKılıçdaroğlu, Kemal
_cCHP Genel Başkanı
_xSeçim ve propagandalar
856 _zDijital Nüshası için Partimizin Kütüphane Sorumlusu ile iletişime geçiniz.
942 _2ddc
_cBKS